Normal view
MARC view
- Ojha,C.S.P
Entry Personal Name
001 - CONTROL NUMBER
- control field: 585
003 - CONTROL NUMBER IDENTIFIER
- control field: OSt
005 - DATE AND TIME OF LATEST TRANSACTION
- control field: 20160625105822.0
008 - FIXED-LENGTH DATA ELEMENTS
- fixed length control field: 160625|| aca||aabn | a|a d
040 ## - CATALOGING SOURCE
- Original cataloging agency: OSt
- Transcribing agency: OSt
100 ## - HEADING--PERSONAL NAME
- Personal name: Ojha,C.S.P
670 ## - SOURCE DATA FOUND
- Source citation: Work cat.: (OSt): Ojha,C.S.P, Fluid Mechanics and Machinery, 2012
